[Event "World Series of chess"]
[Site "SchemingMind.com"]
[Date "2021.12.16"]
[Round "-"]
[White "ModernMonkey"]
[Black "witkatz"]
[Result "1-0"]
[WhiteCountry "ENG"]
[BlackCountry "GER"]
[WhiteElo "2033"]
[WhiteRD "112"]
[BlackElo "1803"]
[BlackRD "77"]
[GameID "718451"]

1. e4 d6 2. d4 g6 3. Nc3 Bg7 4. Be3 a6 5. Qd2 b5 6. f3 Nd7 7. h4 h5 8. Nh3 Bb7 9. Ng5 Ngf6 10. O-O-O O-O
11. g4 c5 12. gxh5 Nxh5 13. dxc5 Nxc5 14. Kb1 b4 15. Ne2 a5 16. Nd4 e6 17. Nb5 Na4 18. Nxd6 Ba6 19. Bxa6 Rxa6 20. Qd3 Rxd6
21. Qxd6 Qxd6 22. Rxd6 Nxb2 23. Bd4 Bxd4 24. Rxd4 Na4 25. Rh2 Nc3+ 26. Ka1 Kg7 27. Rd7 Kg8 28. Rhd2 Nf6 29. Rd8
1-0

[Event "World Series of chess"]
[Site "SchemingMind.com"]
[Date "2021.12.16"]
[Round "-"]
[White "witkatz"]
[Black "ModernMonkey"]
[Result "0-1"]
[WhiteCountry "GER"]
[BlackCountry "ENG"]
[WhiteElo "1803"]
[WhiteRD "77"]
[BlackElo "2033"]
[BlackRD "112"]
[GameID "718452"]

1. e4 c5 2. Nf3 Nc6 3. Bb5 g6 4. c3 Nf6 5. Qe2 Bg7 6. O-O O-O 7. Rd1 Qb6 8. Na3 d5 9. e5 Ne8 10. d4 cxd4
11. cxd4 Nc7 12. Bxc6 bxc6 13. Bg5 Ba6 14. Qd2 Rfe8 15. Bh6 Rab8 16. b3 Qb4 17. Qxb4 Rxb4 18. Bxg7 Kxg7 19. Nc2 Rb6 20. b4 Be2
21. Re1 Bd3 22. Rac1 Bc4 23. a3 Rc8 24. Ne3 Bb5 25. Nd1 Ra6 26. Ra1 Ba4 27. Nc3 Nb5 28. Nxa4 Rxa4 29. Re3 a5 30. bxa5 Rxa5
31. a4 Rca8 32. Ree1 Rxa4 33. Rxa4 Rxa4
0-1

[Event "World Series of chess"]
[Site "SchemingMind.com"]
[Date "2021.12.16"]
[Round "-"]
[White "Clive Everill"]
[Black "Robert Hatfield"]
[Result "1/2-1/2"]
[WhiteCountry "CZE"]
[BlackCountry "USA"]
[WhiteElo "1640"]
[WhiteRD "58"]
[BlackElo "1777"]
[BlackRD "60"]
[GameID "718455"]

1. e4 e5 2. Nc3 Nf6 3. Bc4 Nc6 4. d3 Bb4 5. Ne2 h6 6. O-O O-O 7. a3 Bc5 8. b4 Bb6 9. Kh1 Ng4 10. Qe1 Qh4
11. h3 Nxf2+ 12. Kh2 Ng4+ 13. Kh1 Qxe1 14. Rxe1 Nf6 15. Rf1 d6 16. Bxh6 gxh6 17. Rxf6 Kg7 18. Rf3 Nd4 19. a4 Be6 20. a5 Nxc2
21. Rb1 Bd4 22. Nd5 Bxd5 23. Bxd5 c6 24. Ba2 Ne3 25. b5 c5 26. Ng3 Rab8 27. Nf5+ Nxf5 28. Rxf5 Bc3 29. a6 bxa6 30. bxa6 Rxb1+
31. Bxb1 Rb8 32. Ba2 f6 33. Bc4 Rb1+ 34. Kh2 Bd2 35. g3 Be3 36. Rf3 Rb2+=
1/2-1/2

[Event "World Series of chess"]
[Site "SchemingMind.com"]
[Date "2021.12.16"]
[Round "-"]
[White "Robert Hatfield"]
[Black "Clive Everill"]
[Result "1-0"]
[WhiteCountry "USA"]
[BlackCountry "CZE"]
[WhiteElo "1777"]
[WhiteRD "60"]
[BlackElo "1640"]
[BlackRD "58"]
[GameID "718456"]

1. e4 e5 2. Nf3 Nc6 3. Nc3 g6 4. Bc4 Bg7 5. a3 Nf6 6. d3 d6 7. Bg5 Be6 8. Nd5 O-O 9. Qd2 a6 10. O-O b5
11. Bb3 Na7 12. Qa5 h6 13. Bxf6 Bxf6 14. Nxf6+ Qxf6 15. Qxa6 Bxb3 16. cxb3 Rfb8 17. Qa5 c5 18. Qc3 Nc6 19. Qd2 Kg7 20. h3 Nd4
21. Nxd4 exd4 22. f4 Qh4 23. f5 g5 24. f6+ Kg8 25. Kh2 Qh5 26. Qf2 Qg6 27. Qg3 Rd8 28. Rae1 Ra7 29. e5 dxe5 30. Rxe5 Rc7
31. Rff5 Rdc8 32. Rxg5 hxg5 33. Rxg5 Qxg5 34. Qxg5+ Kf8 35. Qg7+ Ke8 36. Qg8+ Kd7 37. Qxf7+ Kc6 38. Qe6+ Kb7 39. Qe4+ Kb6 40. b4 cxb4
41. Qxd4+ Ka6 42. Qxb4 Rc2 43. h4 Rg8 44. Qe4 Rxb2 45. Qe6+
1-0

[Event "World Series of chess"]
[Site "SchemingMind.com"]
[Date "2021.12.17"]
[Round "-"]
[White "Robert Hatfield"]
[Black "kenneth m day"]
[Result "1/2-1/2"]
[WhiteCountry "USA"]
[BlackCountry "USA"]
[WhiteElo "1770"]
[WhiteRD "60"]
[BlackElo "1650"]
[BlackRD "56"]
[GameID "718458"]

1. e4 e5 2. Nf3 d5 3. exd5 Bd6 4. Nc3 Nf6 5. Bb5+ c6 6. dxc6 Nxc6 7. O-O O-O 8. d3 Bd7 9. Bg5 h6 10. Bxf6 Qxf6
11. Qd2 a6 12. Ne4 Qe7 13. Bc4 Bb4 14. c3 Ba5 15. h3 Bb6 16. a3 Rfd8 17. Rad1 Bf5 18. Qc2 Bxe4 19. dxe4 Qf6 20. Ba2 Rac8
21. Rd5 Ne7 22. Rxe5 Bc7 23. Rd5 Nxd5 24. exd5 Bd6 25. Rd1 b5 26. Nd4 Qe5 27. Nf3 Qf4 28. Rd4 Qf6 29. Bb1 Re8 30. Qh7+ Kf8
31. Re4 Rxe4 32. Qh8+ Ke7 33. Qxc8 Re2 34. b4 Rb2 35. Bf5 g6 36. Bd3 Ra2 37. Qxa6 Ra1+ 38. Bf1 Qxc3 39. Qxb5 Qxa3 40. Qe2+ Kf8
41. b5 Qc5 42. Qd3 Rc1 43. Qd4 Qxd4 44. Nxd4 Rd1 45. Nf3 Rxd5 46. g3 Bc5 47. Kg2 Ke7 48. Bc4 Rd1 49. Ne5 Rc1 50. Bxf7 Bd4
51. Nd3 Rd1 52. Bxg6 Kd6 53. Kf3 Kd5 54. Kg4 Bg7 55. b6 Kc6 56. b7 Kxb7 57. Nf4 Kc6 58. Nh5 Bf8 59. f4 Kd6 60. h4 Ke6
61. f5+ Ke5 62. Nf4 Bb4 63. Kh5 Bf8 64. Ne6 Bb4 65. Kxh6 Be1 66. g4 Bxh4 67. g5 Rh1 68. Kg7 Rg1 69. f6 Kxe6 70. f7 Rf1
71. f8=Q Rxf8=
1/2-1/2

[Event "World Series of chess"]
[Site "SchemingMind.com"]
[Date "2021.12.16"]
[Round "-"]
[White "Thomas Jacob Kelly"]
[Black "Robert Hatfield"]
[Result "1-0"]
[WhiteCountry "USA"]
[BlackCountry "USA"]
[WhiteElo "1726"]
[WhiteRD "84"]
[BlackElo "1785"]
[BlackRD "63"]
[GameID "718459"]

1. e4 e5 2. f4 d5 3. d4 Nf6 4. fxe5 Nxe4 5. Nf3 Nc6 6. Be2 Be7 7. O-O O-O 8. Be3 h6 9. Nbd2 Bg5 10. Nxg5 Nxg5
11. c3 Ne6 12. Nf3 a5 13. Qe1 Ng5 14. Nh4 b6 15. Nf5 Bxf5 16. Rxf5 Ne4 17. Bd3 Qd7 18. Rf4 Ng5 19. Qh4 f5 20. exf6 Rxf6
21. Rxf6 gxf6 22. Qxh6
1-0

[Event "World Series of chess"]
[Site "SchemingMind.com"]
[Date "2021.12.16"]
[Round "-"]
[White "Robert Hatfield"]
[Black "Thomas Jacob Kelly"]
[Result "1-0"]
[WhiteCountry "USA"]
[BlackCountry "USA"]
[WhiteElo "1777"]
[WhiteRD "60"]
[BlackElo "1726"]
[BlackRD "75"]
[GameID "718460"]

1. e4 c5 2. Nf3 d6 3. d4 cxd4 4. Nxd4 Nf6 5. Nc3 a6 6. Be2 e5 7. Nb3 Be7 8. O-O O-O 9. a4 Be6 10. a5 Bxb3
11. cxb3 Nbd7 12. Be3 Rc8 13. f3 Nc5 14. Nd5 Re8 15. Nb6 Rc6 16. Bc4 Bf8 17. Qe2 h6 18. Rad1 Qb8 19. Rd2 Be7 20. Rfd1 Rf8
21. Nd5 Bd8 22. Nxf6+ Bxf6 23. b4 Be7 24. Bxc5 dxc5 25. Rd7 Re8 26. b5 axb5 27. Bxb5 Rcc8 28. Qc4 Rc7 29. Rxc7
1-0

[Event "World Series of chess"]
[Site "SchemingMind.com"]
[Date "2021.12.16"]
[Round "-"]
[White "Raymond de Kemp"]
[Black "Robert Hatfield"]
[Result "1/2-1/2"]
[WhiteCountry "NED"]
[BlackCountry "USA"]
[WhiteElo "1820"]
[WhiteRD "63"]
[BlackElo "1770"]
[BlackRD "60"]
[GameID "718461"]

1. f4 d5 2. Nf3 c5 3. g3 Nc6 4. Bg2 Nf6 5. O-O e6 6. d3 Be7 7. Qe1 O-O 8. e4 d4 9. e5 Nd5 10. c4 Nc7
11. Nbd2 Bd7 12. Ne4 h6 13. a3 a5 14. Bd2 a4 15. Qc1 Na5 16. Bxa5 Rxa5 17. Qd2 Ra7 18. b4 axb3 19. Qb2 Ba4 20. Ned2 Qd7
21. Nxb3 b5 22. Nbd2 bxc4 23. Nxc4 Nd5 24. Qd2 Rb8 25. Qf2 Rb3 26. Ne1 Qb7 27. f5 Be8 28. fxe6 fxe6 29. Bh3 Qd7 30. Qc2 Rc3
31. Qe2 Ne3 32. Nxe3 dxe3 33. Qxe3 Raxa3 34. Rxa3 Rxa3 35. Qc1 Qd4+ 36. Rf2 Rc3 37. Bxe6+ Kh8 38. Qf4 Qxf4 39. gxf4 Rc1 40. Kf1 Bh4
41. Re2 Bb5 42. Bc4 Bxe1 43. Rxe1 Rxe1+ 44. Kxe1 Be8 45. Kf2 g6 46. Ke3 Kg7 47. h4 Bc6 48. d4 cxd4+ 49. Kxd4 Ba4 50. Kd5 Kf8
51. e6 Ke7 52. Ke5 Bc2 53. Bf1 h5 54. Bh3 Bd3 55. f5 gxf5 56. Bxf5 Bc4 57. Bg6 Bxe6 58. Bxh5 Kf8 59. Kxe6 Kg7 60. Kf5 Kh8
61. Bg6 Kg7 62. h5=
1/2-1/2

[Event "World Series of chess"]
[Site "SchemingMind.com"]
[Date "2021.12.16"]
[Round "-"]
[White "Robert Hatfield"]
[Black "Raymond de Kemp"]
[Result "0-1"]
[WhiteCountry "USA"]
[BlackCountry "NED"]
[WhiteElo "1755"]
[WhiteRD "61"]
[BlackElo "1797"]
[BlackRD "61"]
[GameID "718462"]

1. e4 d5 2. exd5 Nf6 3. c4 c6 4. d4 cxd5 5. Nc3 g6 6. Qb3 Bg7 7. cxd5 O-O 8. Bc4 Nbd7 9. Nf3 Nb6 10. Be2 Nfxd5
11. O-O a5 12. h3 a4 13. Qd1 Bd7 14. Bg5 f6 15. Bd2 Re8 16. Nxd5 Nxd5 17. Bc4 e6 18. Bxd5 exd5 19. Be3 b5 20. Qd2 Bf8
21. Bh6 Bd6 22. Be3 Rc8 23. Rac1 Rc4 24. b3 Bb4 25. Qb2 a3 26. Qe2 Rxc1 27. Rxc1 Bd6 28. Qd2 g5 29. Nxg5 fxg5 30. Bxg5 Qb8
31. Bh6 Re6 32. Be3 b4 33. Qd3 Rg6 34. Kh1 Qf8 35. Rf1 Bxh3 36. gxh3 Qf3#
0-1

[Event "World Series of chess"]
[Site "SchemingMind.com"]
[Date "2021.12.16"]
[Round "-"]
[White "Robert Hatfield"]
[Black "ModernMonkey"]
[Result "0-1"]
[WhiteCountry "USA"]
[BlackCountry "ENG"]
[WhiteElo "1777"]
[WhiteRD "60"]
[BlackElo "2033"]
[BlackRD "112"]
[GameID "718463"]

1. e4 c5 2. Nf3 d6 3. d4 cxd4 4. Nxd4 Nf6 5. Nc3 g6 6. Be2 Bg7 7. O-O O-O 8. Bg5 Nc6 9. Nb3 a6 10. f4 b5
11. Bf3 b4 12. Nd5 Nxd5 13. exd5 Na5 14. Nd4 Qb6 15. c3 Nc4 16. Kh1 Ne3 17. Qd3 Nxf1 18. Rxf1 Bxd4 19. cxd4 Bf5 20. Qd2 f6
21. Bh4 Rac8 22. Bd1 Rc7 23. Re1 a5 24. Ba4 Qa6 25. h3 Qd3 26. Qxd3 Bxd3 27. Bc6 Kf7 28. Kg1 Rb8 29. Rc1 Kf8 30. Kf2 Rb6
31. Ke3 Bb5 32. Rc2 Bxc6 33. dxc6 Rbxc6 34. Rd2 Rc2 35. Kd3 Rc1
0-1

[Event "World Series of chess"]
[Site "SchemingMind.com"]
[Date "2021.12.16"]
[Round "-"]
[White "ModernMonkey"]
[Black "Robert Hatfield"]
[Result "1/2-1/2"]
[WhiteCountry "ENG"]
[BlackCountry "USA"]
[WhiteElo "2034"]
[WhiteRD "108"]
[BlackElo "1755"]
[BlackRD "61"]
[GameID "718464"]

1. d4 Nf6 2. c4 e6 3. Nf3 b6 4. a3 Bb7 5. Nc3 d5 6. cxd5 Nxd5 7. Qc2 Be7 8. Bd2 O-O 9. e4 Nxc3 10. Bxc3 c5
11. dxc5 Qc7 12. cxb6 axb6 13. Bd3 Nc6 14. O-O Rfd8 15. Be5 Qd7 16. Rad1 Nxe5 17. Nxe5 Qc8 18. Qxc8 Raxc8 19. f3 Bf6 20. Ng4 Bxb2
21. a4 h5 22. Nf2 Ba3 23. Bb5 Bc5 24. Rfe1 Kf8 25. Kf1 Ke7 26. Rxd8 Rxd8 27. Rd1 Rxd1+ 28. Nxd1 Bd4 29. Ke1 g5 30. Kd2 h4
31. Kd3 Bc5 32. h3 Kd6 33. Ne3 Bxe3 34. Kxe3 Ke5 35. Kf2 f6 36. Ke3 Bc8 37. Bc4 Bd7 38. Bb5 Bc8=
1/2-1/2

[Event "World Series of chess"]
[Site "SchemingMind.com"]
[Date "2021.12.16"]
[Round "-"]
[White "Robert Hatfield"]
[Black "witkatz"]
[Result "0-1"]
[WhiteCountry "USA"]
[BlackCountry "GER"]
[WhiteElo "1777"]
[WhiteRD "60"]
[BlackElo "1803"]
[BlackRD "77"]
[GameID "718465"]

1. e4 c6 2. d4 d5 3. Nc3 dxe4 4. Nxe4 Bf5 5. Ng3 Bg6 6. Nf3 e6 7. h4 h6 8. Be2 Be7 9. Ne5 Bh7 10. c4 Nf6
11. Qb3 b6 12. Be3 O-O 13. h5 c5 14. O-O cxd4 15. Rad1 Bc5 16. Bf3 Nbd7 17. Bxa8 Nxe5 18. Bb7 Qc7 19. Bf4 Qxb7 20. Bxe5 Be4
21. f3 d3+ 22. Kh1 Bh7 23. Qc3 Be7 24. Qb3 Nd7 25. Bf4 Rd8 26. Rd2 Nc5 27. Qd1 f6 28. b4 e5 29. Bxh6 Ne6 30. Be3 Bxb4
31. Ne4 Bxd2 32. Qxd2 Bxe4 33. fxe4 Qxe4 34. h6 Qh4+ 35. Kg1 Ng5
0-1

[Event "World Series of chess"]
[Site "SchemingMind.com"]
[Date "2021.12.16"]
[Round "-"]
[White "witkatz"]
[Black "Robert Hatfield"]
[Result "1-0"]
[WhiteCountry "GER"]
[BlackCountry "USA"]
[WhiteElo "1803"]
[WhiteRD "77"]
[BlackElo "1777"]
[BlackRD "60"]
[GameID "718466"]

1. e4 e5 2. Bc4 Nf6 3. d3 Bc5 4. Nf3 d6 5. O-O Nc6 6. c3 O-O 7. Nbd2 h6 8. Re1 Bg4 9. h3 Bd7 10. b4 Bb6
11. a4 a5 12. b5 Ne7 13. d4 Ng6 14. Bd3 Nf4 15. Nc4 Nxd3 16. Qxd3 Re8 17. Nxb6 cxb6 18. dxe5 dxe5 19. Be3 Rc8 20. c4 Rc5
21. Bxc5 bxc5 22. Rad1 b6 23. Qc3 Qa8 24. Nxe5 Be6 25. f3 Qc8 26. g4 Qc7 27. f4 Bc8 28. Kg2 Bb7 29. Qc2 Rd8 30. Rxd8+ Qxd8
31. Nc6 Qa8 32. Ne7+ Kf8 33. Nd5 Nd7 34. Kg3 g5 35. f5 Qb8+ 36. Kg2
1-0